[Event "UAE-ch"]
[Site "Sharjah"]
[Date "2019.08.20"]
[Round "5"]
[White "Abdulrahim, Salem"]
[Black "Ali Rashid, Ali"]
[Result "1-0"]
[WhiteElo "1637"]
[BlackElo "1818"]
[PlyCount "97"]
[EventDate "2019.08.16"]
[EventType "swiss"]
[EventRounds "9"]
[EventCountry "UAE"]
[SourceTitle "EXT 2020"]
[Source "ChessBase"]
[SourceDate "2019.10.17"]
[SourceVersion "1"]
[SourceVersionDate "2019.10.17"]
[SourceQuality "1"]

1. e4 e5 2. Nf3 Nc6 3. Bb5 a6 4. Bxc6 dxc6 5. d4 exd4 6. Qxd4 Qxd4 7. Nxd4 c5 8. Ne2 Bd7 9. Nbc3 0-0-0 10. Bg5 Ne7 11. 0-0-0 f6 12. Bf4 g6 13. f3 Bg7 14. Nd5 Nxd5 15. Rxd5 b6 16. Rhd1 g5 17. Be3 h5 18. Ng3 Bf8 19. Nf5 Rh7 20. h4 g4 21. Ng3 Bd6 22. Nxh5 Be5 23. fxg4 Rg8 24. Rxe5 fxe5 25. Nf6 Rgg7 26. Nxh7 Rxh7 27. Bg5 c6 28. Rd6 Kc7 29. Rg6 b5 30. Bf6 Kd6 31. h5 Ke6 32. Bh4+ Kf7 33. Kd2 Rg7 34. Rxg7+ Kxg7 35. g5 Bg4 36. h6+ Kg6 37. Bg3 Be6 38. Bxe5 Bxa2 39. b3 c4 40. b4 c5 41. Kc3 cxb4+ 42. Kxb4 Bb1 43. Kc3 b4+ 44. Kb2 Bxc2 45. Kxc2 a5 46. Bd4 a4 47. Bb2 a3 48. Bxa3 bxa3 49. e5 1-0

[Event "Sharjah Ramadan op rapid"]
[Site "Sharjah"]
[Date "2019.05.17"]
[Round "9"]
[White "Nagoor, Khani Rawther Abumo"]
[Black "Abdulrahim, Salem"]
[Result "1-0"]
[WhiteElo "1424"]
[BlackElo "1642"]
[PlyCount "147"]
[EventDate "2019.05.13"]
[EventType "swiss (rapid)"]
[EventRounds "9"]
[EventCountry "UAE"]
[SourceTitle "CBM 190 Extra"]
[Source "ChessBase"]
[SourceDate "2019.07.15"]
[SourceVersion "1"]
[SourceVersionDate "2019.07.15"]
[SourceQuality "1"]

1. d4 d5 2. Bf4 Nf6 3. e3 e6 4. Nf3 Be7 5. c3 0-0 6. Bd3 b6 7. Nbd2 Bb7 8. 0-0 Nbd7 9. Re1 c5 10. Ne5 Rc8 11. Ndf3 h6 12. Bc2 Nh5 13. Bg3 Nxg3 14. hxg3 Re8 15. Nxd7 Qxd7 16. Ne5 Qc7 17. Qh5 Bf6 18. Ng4 Bg5 19. f4 Bd8 20. Kf2 cxd4 21. exd4 Qe7 22. Ne5 Bc7 23. Re2 Bxe5 24. Rxe5 f6 25. Re3 f5 26. Rae1 Qf7 27. Qe2 g6 28. Rxe6 Rxe6 29. Qxe6 Qxe6 30. Rxe6 Kf7 31. Re5 b5 32. Bb3 Rd8 33. a3 a5 34. Ba2 Kf6 35. Ke3 g5 36. Bb1 Bc8 37. Bd3 Be6 38. Bxb5 Rb8 39. a4 Rb6 40. Kd2 gxf4 41. gxf4 Rb8 42. g3 Rg8 43. Re3 Rg4 44. Be2 Rg8 45. b3 Rb8 46. Kc2 Bd7 47. Re5 Be6 48. Bd3 Rg8 49. Re3 Rc8 50. Kb2 Rb8 51. Ka3 Rc8 52. Be2 Bd7 53. b4 Ra8 54. b5 Be6 55. Re5 Rg8 56. Re3 Rc8 57. Kb3 Kf7 58. Bd3 Kf6 59. Re2 Kf7 60. Rh2 Kg7 61. Rg2 Kf7 62. g4 fxg4 63. f5 Bd7 64. Rxg4 Rf8 65. c4 dxc4+ 66. Bxc4+ Ke7 67. Rg7+ Kd8 68. Be6 Bxe6+ 69. fxe6 Rh8 70. d5 h5 71. d6 Ke8 72. Ra7 Kf8 73. Ra8+ Kg7 74. Rxh8 1-0

[Event "Sharjah Ramadan op rapid"]
[Site "Sharjah"]
[Date "2019.05.14"]
[Round "4"]
[White "Abdulrahim, Salem"]
[Black "Mamantuc, Ibrahim Jr"]
[Result "1-0"]
[WhiteElo "1642"]
[BlackElo "1529"]
[PlyCount "119"]
[EventDate "2019.05.13"]
[EventType "swiss (rapid)"]
[EventRounds "9"]
[EventCountry "UAE"]
[SourceTitle "CBM 190 Extra"]
[Source "ChessBase"]
[SourceDate "2019.07.15"]
[SourceVersion "1"]
[SourceVersionDate "2019.07.15"]
[SourceQuality "1"]

1. e4 e6 2. d4 d6 3. Nf3 Be7 4. Bd3 Nd7 5. 0-0 a6 6. c3 b6 7. Re1 c5 8. Nbd2 Bb7 9. Nf1 h5 10. dxc5 Nxc5 11. Bc2 g5 12. e5 d5 13. Nd4 g4 14. Bf4 Rc8 15. Rc1 Bg5 16. Bxg5 Qxg5 17. Qd2 Qg7 18. Qf4 Ne7 19. Qe3 h4 20. Nd2 Nd7 21. Rcd1 Rg8 22. Nf1 Nc6 23. Nxc6 Bxc6 24. Nd2 Bb7 25. Nb3 Qg5 26. Re2 h3 27. g3 Nc5 28. Qxg5 Rxg5 29. Nd4 Nd7 30. Rde1 Nb8 31. f3 Nc6 32. f4 Nxd4 33. cxd4 Rg8 34. Bd3 Ke7 35. Rc2 Rxc2 36. Bxc2 Rc8 37. Bd3 b5 38. a3 Bc6 39. Rc1 Bd7 40. Rxc8 Bxc8 41. Be2 f5 42. exf6+ Kxf6 43. Bxg4 a5 44. b4 a4 45. Bxh3 Bd7 46. Kf2 Be8 47. Ke3 Bg6 48. Bf1 Be8 49. Bd3 Bd7 50. Kf3 Be8 51. Kg4 Bd7 52. Kh5 Be8+ 53. Kh6 Bd7 54. g4 Kf7 55. Kh7 Be8 56. Bg6+ Kf8 57. Bxe8 Kxe8 58. g5 Ke7 59. g6 e5 60. fxe5 1-0

[Event "Sharjah Ramadan op rapid"]
[Site "Sharjah"]
[Date "2019.05.14"]
[Round "5"]
[White "Marcos, Marvin"]
[Black "Abdulrahim, Salem"]
[Result "1-0"]
[WhiteElo "2111"]
[BlackElo "1642"]
[PlyCount "39"]
[EventDate "2019.05.13"]
[EventType "swiss (rapid)"]
[EventRounds "9"]
[EventCountry "UAE"]
[SourceTitle "CBM 190 Extra"]
[Source "ChessBase"]
[SourceDate "2019.07.15"]
[SourceVersion "1"]
[SourceVersionDate "2019.07.15"]
[SourceQuality "1"]

1. d4 d5 2. Nc3 Nf6 3. Bf4 c5 4. e3 Nc6 5. Nb5 Qa5+ 6. c3 e5 7. dxe5 Nh5 8. Qxh5 c4 9. Nd6+ Bxd6 10. exd6 Qb6 11. 0-0-0 Qa5 12. a3 b5 13. Qxd5 Bd7 14. Nf3 0-0 15. Ne5 Nxe5 16. Bxe5 Rfe8 17. Bxc4 Be6 18. Qxb5 Qxb5 19. Bxb5 Reb8 20. d7 1-0